| 000 | 01038nam a22002537a 4500 | ||
|---|---|---|---|
| 008 | 240610b mp ||||| |||| 00| 0 mon d | ||
| 020 | _a978-99973-1-742-1 | ||
| 035 | _a44542 | ||
| 040 |
_aHUV0167120 _bmon _cMN-UlNLM _dMN-UlNLM _erda |
||
| 041 | _amon | ||
| 042 | _a95439 | ||
| 084 |
_2NNA _a84.8(4Фр) _bА 94 |
||
| 100 | _aАшард М. | ||
| 245 | 0 | _aЦөөхүүл ч гэсэн бидний индианчууд | |
| 264 |
_aУлаанбаатар _bАдмон принт ХХК _c2019 |
||
| 300 | _a148х. | ||
| 336 |
_2rdacontent _atext _btxt |
||
| 337 |
_2rdamedia _aunmediated _bn |
||
| 338 |
_2rdacarrier _avolume _bnc |
||
| 490 | _aГайхамшгийн эрэлд | ||
| 650 | _aЗохиолд Лалли хэмээх индиан охинд тохиолдсон хөгтэй, хөгжилтэй, уйтай олон олон адал явдлууд хөвөрдөг. Тэрээр нэг ном дээр бичсэ... | ||
| 942 |
_2NNA _cBK |
||
| 999 |
_c1058735 _d1058792 |
||